Statistics for Countries with the least people by continent

Click here to take the quiz!

General Stats

  • This quiz has been taken 34 times
  • The average score is 23 of 30

Answer Stats

PeopleCountry% Correct
10,876Nauru
94%
591,800Suriname
94%
790,326Guyana
91%
53,544St Kitts
and Nevis
91%
11,931Tuvalu
91%
3,485,151Uruguay
91%
18,169Palau
88%
7,219,638Paraguay
88%
77,355Andorra
84%
59,610Marshall Islands
84%
111,263St Vincent and
the Grenadines
84%
106,760Tonga
84%
800Vatican City
84%
561,898Cape Verde
81%
888,451Comoros
81%
39,511Monaco
81%
98,908Seychelles
81%
98,731Antigua and
Barbuda
78%
113,021Grenada
78%
34,017San Marino
78%
11,832,940Bolivia
75%
223,368Sao Tome
and Principe
72%
72,167Dominica
69%
38,250Liechtenstein
69%
441,532Brunei
59%
1,002,187Djibouti
59%
1,343,873Timor-Leste
56%
779,898Bhutan
53%
543,617Maldives
53%
1,748,296Bahrain
50%

Score Distribution

Percentile by Number Answered

Percent of People with Each Score

Your Score History

You have not taken this quiz